Statistiken für Die 25 Größten Städte an der Elbe

Klicken Sie hier um das Quiz zu spielen!

Allgemein

  • Dieses Quiz wurde 199 mal gespielt
  • Das Durchschnittsergebnis liegt bei 10 aus 24

Antwortstatistiken

EinwohnerStadt% Korrekt
1.810.000Hamburg
98%
543.825Dresden
92%
235.723Magdeburg
88%
3.575.000Berlin
79%
1.281.000Prag (CZ)
71%
560.472Leipzig
70%
236.991Halle(Saale)
64%
246.353Chemnitz
53%
210.118Erfurt
49%
171.810Potsdam
46%
111.099Jena
45%
94.750Gera
40%
82.111Dessau-Roßlau
39%
100.416Cottbus
33%
90.192Zwickau
33%
71.886Brandenburg/Havel
30%
64.426Weimar
25%
73.581Lüneburg
21%
170.548Pilsen (CZ)
21%
95.668Schwerin
18%
92.984Aussig(CZ)
12%
93.470Budweis(CZ)
8%
90.335Pardubice(CZ)
4%
92.929Königgräz(CZ)
1%

Verteilung der Resultate

Perzentil nach korrekt beantworteten Fragen

Anzahl Personen mit jedem Resultat

Ihre Resultats-Entwicklung

Sie haben dieses Quiz noch nicht gespielt